000 00655nam a2200241Ia 4500
003 OSt
005 20220924142353.0
006 a|||||r|||| 00| 0
007 ta
008 220923b |||||||| |||| 00| 0 ben d
024 _a301713
037 _cTextual
040 _aARTS
_cARTS
_bben
041 _2ben
_aben
082 _aYZwN43, 157N2
100 _aBasu Ed.
_9205081
245 0 _aSangharsha o nirman
_b Sanskar niogir jeeban rachnabali karmadhara o mulyan
260 _c1992
650 _aSOCIOLOGY
700 _a Sanyal Ed.
_9213313
942 _hYZwN43, 157N2
_cTEXL
_2CC
999 _c450525
_d450525